Państwa produkujące najwięcej przypraw - Statystyki

Ogólne statystyki
  • Ten quiz został rozwiązany 228 razy
    39 od ostatniego zresetowania
  • Średni wynik to 12 z 20
Statystyki odpowiedzi
Tony Państwo % Poprawnych
103,534 Chiny
100%
1,499,826 Indie
100%
191,453 Indonezja
97%
4,354 Meksyk
83%
79,533 Pakistan
83%
3,987 Demokratyczna Republika Konga
78%
309,523 Bangladesz
69%
33,152 Kolumbia
67%
274,872 Turcja
67%
4,879 Maroko
61%
5,152 Niger
61%
6,428 Nigeria
61%
5,189 Sri Lanka
58%
311,400 Etiopia
53%
20,465 Mjanma
53%
21,617 Nepal
42%
5,375 Bhutan
31%
5,252 Syria
25%
4,646 Gruzja
14%
6,443 Burkina Faso
11%
Nie znaleziono quizów pasujących do podanych kryteriów
Rozkład punktacji
Procent ludzi z każdym wynikiem
Percentyl według liczby udzielonych odpowiedzi
Twoja historia wyników
Nie rozwiązałeś tego quizu od ostatniego zresetowania